000 00551nam a2200193Ia 4500
008 101110s9999 xx 000 0 und d
041 _aHINDI
082 _bSR10684
_a891.431
100 _aSharma Rameshkumar
245 _aEk Aparichit Akash ( Kashmir Ke Hindi Kaviyonki Adhunik )
365 _b7.5
520 _aHindi
546 _aHINDI
630 _aEk Aparichit Akash ( Kashmir Ke Hindi Kaviyonki Adhunik )
650 _aHindi
655 _aHindi
730 _aEk Aparichit Akash ( Kashmir Ke Hindi Kaviyonki Adhunik )
942 _cBOOK
999 _c805582
_d805579